| 000 | 00677cam a22002297a 4500 | ||
|---|---|---|---|
| 008 | |||
| 020 | _a0130819239 (hbk.) | ||
| 049 | _aMAIN | ||
| 090 |
_aQH308.2 _bFRE |
||
| 100 | 1 | _aFreeman, Scott. | |
| 245 | 1 | 0 |
_aBiological science / _cScott Freeman. |
| 260 |
_aUpper Saddle River : _bPrentice Hall, _c2002. |
||
| 300 |
_axxxi,. 1017 p : _bill. (chiefly col). maps ; _c29 cm. + _eCD-ROM. |
||
| 500 | _aIncludes index. | ||
| 504 | _aIncludes bibliographical references. | ||
| 650 | 0 | _aBiology. | |
| 907 |
_a.b10365965 _b17-11-15 _c17-11-15 |
||
| 003 | |||
| 005 | 20230123122156.0 | ||
| 040 | _cNUST | ||
| 942 |
_cBOOKS _kQH308.2 _mFRE |
||
| 999 |
_c129128 _d129128 |
||